000 00436nam a2200181Ia 4500
005 20240823010903.0
008 240823s9999||||xx |||||||||||||| ||und||
041 _aENGLISH
082 _A621.3191 P0
100 _aAnand M L
245 2 _aA Text Book of Electrical Power
250 _a1st
260 _c2000
_b"Vikas,New Delhi"
500 _aTRANSFERED
650 _aElectrical Power
_bElectrical
942 _cBK
999 _c159930
_d159930